000 00952nas a2200301 4500
001 BR0504002
003 BR-BrBNA
005 20231205105521.0
007 ta
008 230509b bl.|||p| |||| 00| 00por d
040 _aBR-BrBNA
_bpor
_cBiblioteca Nacional de Agricultura
041 _a(Pt)
072 _aQ54; Q52
100 1 _aFerreira, A.C.H.
100 1 _aNeiva, J.N.M.
100 1 _aRodriguez, N.M.
100 1 _aLôbo, R.N.B.
100 1 _aVasconcelos, V.R. de
245 1 _aValor nutritivo das silagens de capim-elefante com diferentes níveis de subprodutos da indústria de suco de caju
650 _aPENNISETUM PURPUREUM
650 _aCAPIM ELEFANTE
650 _aVALOR NUTRITIVO
650 _aFERMENTAÇÃO
650 _aSILAGEM
773 0 _tRevista Brasileira de Zootecnia (Brazil)
_xISSN 1516-3598
_g(Nov-Dec 2004), v. 33(6) p. 1380-1385
_wBR0504002
909 _a202311
_bLúcia
_c55
_dLúcia Elande
942 _2AGRIS
_n0
_cANA
999 _c183366
_d183366